000 00667nam a22002177a 4500
003 UA-OsUOA
001 130412
007 ta
008 20180423b un ||||| |||| 00| 0 ukr d
100 _aАксьонов В. С.
090 _a902
_bА42
942 _cSA
040 _aUA-OsUOA
_bukr
_cUA-OsUOA
_dUA-OsUOA
245 _aРеконструкція катакомб аланського населення салтово-маяцької культури
300 _aС.53-68
955 _a0
041 _aukr
080 _a902
773 0 _w130408
_tАрхеологія
_dК.
_d2018
_g1
650 7 _a9 Географія. Біографії. Історія
_2UDC
999 _c418442
_d418442